V.I. Lenin : (Record no. 278)

000 -CABECERA
fixed length control field 00848nam a22002417a 4500
003 - IDENTIFICADOR DEL NÚMERO DE CONTROL
control field AR-CdUCM
008 - DATOS DE LONGITUD FIJA--INFORMACIÓN GENERAL
fixed length control field 190222b ||||| |||| 00| 0 spa d
040 ## - FUENTE DE LA CATALOGACIÓN
Agencia/entidad que catalogó originalmente la obra MUNICIPALIDAD PROVINCIAL DEL CUSCO
Entidad que transcribió la catalogación BIBLIOTECA MUNICIPAL DEL CUSCO
082 ## - NÚMERO DE LA CLASIFICACIÓN DECIMAL DEWEY
No. de Clasificación 947.084 /
Notacion interna L40
100 ## - ENTRADA PRINCIPAL--NOMBRE DE PERSONA
Nombre Personal Obychkin, G.
245 ## - MENCIÓN DE TÍTULO
Título V.I. Lenin :
Resto del título esbozo biográfico /
Mención de responsabilidad Obychkin, G.
260 ## - PUBLICACIÓN, DISTRIBUCIÓN, ETC.
Lugar de publicación, distribución, etc. Moscú :
Nombre de la editorial, distribuidor, etc. Edit. Progreso,
Fecha de publicación, distribución, etc. 1969.
300 ## - DESCRIPCIÓN FÍSICA
Nº de Páginas Extensión 158 páginas ;
Dimensiones 20 cm.
505 ## - NOTA DE CONTENIDO CON FORMATO
Nota de contenido formateada Contenido: Infancia y juventud. Comienzo de la actividad revolucionaria -- Guía de proletariado revolucionario de Rusia -- En el destierro de Siberia ...
650 ## - PUNTO DE ACCESO ADICIONAL DE MATERIA--TÉRMINO DE MATERIA
Descriptor Revolución.
9 (RLIN) 844
650 ## - PUNTO DE ACCESO ADICIONAL DE MATERIA--TÉRMINO DE MATERIA
Descriptor Socialismo.
9 (RLIN) 1037
650 ## - PUNTO DE ACCESO ADICIONAL DE MATERIA--TÉRMINO DE MATERIA
Descriptor Comunismo.
9 (RLIN) 495
650 ## - PUNTO DE ACCESO ADICIONAL DE MATERIA--TÉRMINO DE MATERIA
Descriptor U.R.S.S.
9 (RLIN) 1175
650 ## - PUNTO DE ACCESO ADICIONAL DE MATERIA--TÉRMINO DE MATERIA
Descriptor Historia Rusia.
9 (RLIN) 1176
942 ## - ELEMENTOS DE PUNTO DE ACCESO ADICIONAL (KOHA)
Fuente de clasificación
Tipo de item Libros-BMC
945 ## - PROCESAMIENTO DE INFORMACIÓN LOCAL (OCLC)
Catalogador dmma
AAAA-MM-DD - Fecha de ingreso o modificacion 2019-02-22
Holdings
Estado de retiro (separado) Fuente de clasificación o esquema de estanterías Estado dañado Ubicación Sala donde se ubica Nombre de la colección Fecha de adquisición o compra Costo, precio normal en soles Signatura topográfica Código de Barras Última vez visto (Koha) Tipo de ítem (Koha)
No     Sala Humanidades Sala Humanidades Book Cart 2019-02-22 20.00 947.084 / L40 SH0000000451 2019-02-22 Libros-BMC

Powered by Koha